Statistics for Countries with Wild Giraffes

Click here to take the quiz!

General Stats

  • This quiz has been taken 729 times
    (268 since last reset)
  • The average score is 14 of 17

Answer Stats

Country with Giraffes% Correct
D. R. Congo
92%
South Africa
92%
Kenya
90%
Tanzania
89%
Zimbabwe
86%
Zambia
85%
Namibia
83%
Ethiopia
80%
Mozambique
80%
Botswana
78%
Somalia
78%
Uganda
77%
Central African Republic
76%
Niger
76%
Chad
70%
South Sudan
68%
Cameroon
63%

Score Distribution

Percentile by Number Answered

Percent of People with Each Score

Your Score History

You have not taken this quiz since the last reset